000
00248nam a2200097Ia 4500
005
20251222114410.0
008
251222s1900||||xx |||||||||||||| ||spa||
082
_a
DVD0150/M22/2006
245
0
_a
San Felipe Neri: un santo para los niƱos.
942
_c
DVD
999
_c
2011
_d
2011